00621nam a2200169Ia 4500008004000000082001500040100002600055245007700081250000500158260004400163300001400207650005700221690002500278906001100303999001900314952011800333210210b1998 xxu||||| |||| 00| 0 eng d a658.3 RUDD aRUDRABASAVARAJ (M N). aDynamic personnel administration: management of human resources. Ed 6. a aDelhi.bHimalaya Publishing Housec1998 axviii,720 aDynamic Administration Management, Human Resources  aPersonnel Management a054148 c102207d102207 00102ddc40708MANaALbALcSSSd2021-02-17g175.00l0o658.3 RUDDp054148r2021-02-17 00:00:00w2021-02-17yBK